000 00783 a2200205 4500
001 37112
005 20260407155641.0
008 260407a1972 arg spa d
003 AR-UNSa-BCEJYS
040 _aAR-UNSa-BCEJYS
_bspa
_cAR-UNSa-BCEJYS
080 _a658.115
_xEmpresas públicas, estatales y nacionalizadas (Economía)
245 1 0 _aEmpresa pública
_ptextos escogidos
264 1 _aMadrid :
_bTecnos
_c1972
300 _a351 p.
_c23 cm.
505 _a1. Principios de determinación de los precios optimos y criterios de inversión - 2. Aplicaciones en el caso de industrias concretas - 3. La actuación de la empresa pública: análisis de cuatro casos concretos
041 _aspa
942 _cBK
590 _aniveau_biblio:m niveau_hierar:0
100 1 _aTurvey, Ralph
999 _c2705
_d2705